000 00962nam0a22002411 4500
001 rc\854772
005 20250622020724.0
035 _a(NLR Aleph) 006035023
090 _a7568217
_c7568217
100 _a20041129d1983 |||y0rusy50 ca
101 0 _arus
102 _aRU
105 _ay |||||||||
200 1 _aПо долгу совести
_eИз практики работы парт. орг. Донец. обл. по укреплению в коллективах дисциплины и организованности
_e[Сборник
_fСост. А.Ф. Фенченко]
210 _aДонецк
_cДонбас
_d1983
215 _a164 с.
_d16
225 1 _aИз опыта партийной работы
_iИдеологическая работа
702 1 _aФенченко
_bА.Ф.
_gАлександр Филиппович
_4220
801 0 _aRU
_bNLR
_gpsbo
801 1 _aRU
_bELAR
_2rusmarc
852 _aNLR
_j83-2/2908
942 _cBOOK
980 _aNB